Angustia existencial y esperanza cristiana / (Record no. 109826)

MARC details
000 -LEADER
campo de control de longitud fija 01236nam a2200277 4500
001 - NÚMERO DE CONTROL
campo de control 109826
003 - IDENTIFICADOR DE NÚMERO DE CONTROL
campo de control ES-MaACL
005 - FECHA Y HORA DE LA ÚLTIMA TRANSACCIÓN
campo de control 20250812062527.0
007 - CAMPO FIJO DE DESCRIPCIÓN FÍSICA--INFORMACIÓN GENERAL
campo de control de longitud fija t|
008 - DATOS DE LONGITUD FIJA--INFORMACIÓN GENERAL
campo de control de longitud fija 061121s1964 sp 00110 spa d
080 ## - NÚMERO DE LA CLASIFICACIÓN DECIMAL UNIVERSAL
Número de la Clasificación Decimal Universal 1(04)
100 1# - ENTRADA PRINCIPAL--NOMBRE DE PERSONA
Nombre de persona Rodríguez-Rosado, Juan José,
Fechas asociadas al nombre 1933-
9 (RLIN) 172246
245 10 - MENCIÓN DEL TÍTULO
Título Angustia existencial y esperanza cristiana /
Mención de responsabilidad, etc. Juan José R. Rosado.
260 ## - PUBLICACIÓN, DISTRIBUCIÓN, ETC.
Lugar de publicación, distribución, etc. Madrid :
Nombre del editor, distribuidor, etc. Rialp,
Fecha de publicación, distribución, etc. 1964 (
Fabricante Selecciones Gráf.)
300 ## - DESCRIPCIÓN FÍSICA
Extensión 47 p. ;
Dimensiones 19 cm.
490 1# - MENCIÓN DE SERIE
Mención de serie Colección "O Crece O Muere" ;
Designación de volumen o secuencia 178
505 8# - NOTA DE CONTENIDO CON FORMATO
Nota de contenido con formato Contiene: Angustia existencial: Kierkegaard, Jaspers, Heidegger, Sartre ; Infinitud humana ; Esperanza cristiana
594 ## - Nota al título y mención de responsabilidad
Nota al título y mención de responsabilidad El texto de la presente conferencia fue dado a conocer por su autor en el salón de actos del Instituto "Luis Vives" de Filosofía, del C.S. de I.C., el día 22 de mayo de 1962, invitado por la Sociedad Española de Filosofía e Historia de la Ciencia.
650 00 - PUNTO DE ACCESO ADICIONAL DE MATERIA--TÉRMINO DE MATERIA
Término de materia o nombre geográfico como elemento de entrada Existencialismo.
9 (RLIN) 12679
650 #4 - PUNTO DE ACCESO ADICIONAL DE MATERIA--TÉRMINO DE MATERIA
Término de materia o nombre geográfico como elemento de entrada Ansiedad.
9 (RLIN) 154650
650 ## - PUNTO DE ACCESO ADICIONAL DE MATERIA--TÉRMINO DE MATERIA
Término de materia o nombre geográfico como elemento de entrada Esperanza-
Subdivisión general Aspectos religiosos.
9 (RLIN) 12498
710 2# - ENTRADA AGREGADA--NOMBRE DE ENTIDAD CORPORATIVA
Nombre de entidad corporativa o nombre de jurisdicción como elemento de entrada Instituto de Filosofía "Luis Vives"
9 (RLIN) 169712
830 10 - PUNTO DE ACCESO ADICIONAL DE SERIE-TÍTULO UNIFORME
Título uniforme Colección "O crece o muere"
Designación de volumen o secuencia 178
9 (RLIN) 183476
852 4# - LOCALIZACIÓN
Ubicación ES-MaACL
Número de control de estantería J-24(178)
Holdings
Estatus retirado Estado de pérdida Estado de daño No para préstamo Biblioteca de origen Biblioteca actual Ubicación en estantería Fecha de adquisición Fuente de adquisición Total de préstamos Signatura topográfica completa Código de barras Visto por última vez Precio de reemplazo Tipo de ítem Koha
        Biblioteca del Ateneo de Madrid Biblioteca del Ateneo de Madrid Depósito 2 14/06/2021     J-24(178) 1202584 23/02/2023 23/02/2023 Libro impreso